| 000 | 00559nam a2200205 a 4500 | ||
|---|---|---|---|
| 005 | 20260312064039.0 | ||
| 008 | 010517s1992 r 000 0 eng d | ||
| 020 | _a843760429X | ||
| 035 | _aUPN01000106338 | ||
| 049 | _aCG | ||
| 050 | 4 |
_aHQ767 _bD4.2 1992 |
|
| 245 | 0 | 0 |
_aDebate sobre el aborto : _bcinco ensayos de filosofía moral / _cJohn Finnis ... [et al.]. |
| 250 | _a2a ed. | ||
| 260 |
_aMadrid : _bCátedra, _c1992. |
||
| 300 | _a159 p. | ||
| 440 | 0 | _aTeorema | |
| 650 | 4 |
_aAborto _9246 |
|
| 700 | 1 |
_aFinnis, John, _ecoaut. _94393 |
|
| 905 | _aLibro | ||
| 999 |
_c80251 _d80251 |
||